| 000 | 01046nam a22002777a 4500 | ||
|---|---|---|---|
| 005 | 20170123164142.0 | ||
| 010 | _aB-109612 | ||
| 020 | _c75.00 | ||
| 035 | _aB-109612 | ||
| 037 | _bCen Lib/Ret | ||
| 040 |
_aDPL _bEN |
||
| 082 |
_a181.4 _bਰਾਜਿੰਦ |
||
| 100 |
_aਰਾਜਿੰਦਰ ਪਾਲ ਸਿੰਘ _944266 |
||
| 245 |
_aਭਾਰਤੀ ਦਰਸ਼ਨ : _cਰਾਜਿੰਦਰ ਪਾਲ ਸਿੰਘ _bਞਿਗ਼ਿਆਨਕ ਅਧਐਨ / |
||
| 246 |
_b Bharat darshan : A scientif analysis / _aby Rajinder Pal Singh |
||
| 260 |
_bਲੋਕਗੀਤ ਪ੍ਰਕਾਸ਼ਨ _c2002 _aਦਿੱਲੀ |
||
| 270 |
_a2427-28, Sector 22-C _bਚੰਡੀਗਡ _e160022 |
||
| 300 |
_a168p. _c23cm(Hb) |
||
| 490 | _a | ||
| 500 | _aincludes index | ||
| 650 |
_aPhilosophy _zIndic _9129338 |
||
| 650 |
_aPhilosophy _xHindu _9129339 |
||
| 650 |
_aਭਾਰਤ ਦਰਸਨ _91541 |
||
| 650 |
_aਭਾਰਤ ਦਰਸਨ - ਹਿੰਦੂ _96720 |
||
| 942 |
_2ddc _cPN _h181.4 _mਰਾਜਿੰਦ |
||
| 999 |
_c109742 _d109742 |
||